00527cam a22002051 4500001001300000003000400013005001700017008004100034010001700075035002000092040003700112042001200149050001900161100001900180245002800199260003300227300001900260500002700279999001500306af 48003375 DLC20260227110901.0890522s1944 be 000 1 dut c aaf 48003375  a(OCoLC)19748169 aCalifornia. Univ. Libr.cCUdDLC apremarc00aPT6434.L43bH41 aLampo, Hubert.10aHelene Defraye,broman. aBrussel,bA. Manteauc[1944] a230 p.c20 cm. aErratum slip inserted. c5549d5549